Normal view MARC view

Entry Personal Name

Number of records used in: 2

001 - CONTROL NUMBER

  • control field: 80414

003 - CONTROL NUMBER IDENTIFIER

  • control field: dpl

005 - DATE AND TIME OF LATEST TRANSACTION

  • control field: 20250407153134.0

008 - FIXED-LENGTH DATA ELEMENTS

  • fixed length control field: 250407|| aca||aabn | a|a d

040 ## - CATALOGING SOURCE

  • Original cataloging agency: dpl
  • Transcribing agency: dpl

100 ## - HEADING--PERSONAL NAME

  • Personal name: शुक्ल, देवेन्द नाथ

670 ## - SOURCE DATA FOUND

  • Source citation: Work cat.: (dpl)210870: शुक्ल, देवेन्द नाथ, ब्राह्मण- समाज का ऐतिहासिक अनुशीलन /, 2022

© Delhi Public Library
Hit Counter
free hit counter